Countries with the biggest average farms - Statistics

General Stats
  • This quiz has been taken 16 times
  • The average score is 7 of 10
Answer Stats
Hectares Answer % Correct
72.8 Brazil
100%
178.4 United States
100%
582.5 Argentina
93%
3,243.2 Australia
93%
273.4 Canada
93%
83.7 Chile
53%
223.4 New Zealand
53%
287.4 Uruguay
40%
72.2 Finland
20%
93.9 Sweden
20%
No matching quizzes found
Score Distribution
Percent of People with Each Score
Percentile by Number Answered
Your Score History
You have not taken this quiz